Problemas para el modelo del mundo / (Record no. 59448)

MARC details
000 -LEADER
campo de control de longitud fija 01185cam a2200325Ia 4500
001 - NÚMERO DE CONTROL
campo de control 44370
005 - FECHA Y HORA DE LA ÚLTIMA TRANSACCIÓN
campo de control 20230410121156.0
008 - DATOS DE LONGITUD FIJA--INFORMACIÓN GENERAL
campo de control de longitud fija 860619s1984 mx a b 000 0 spa d
035 ## - NÚMERO DE CONTROL DEL SISTEMA
Número de control de sistema (OCoLC)ocm13751856
040 ## - FUENTE DE CATALOGACIÓN
Centro catalogador/agencia de origen DOA
Centro/agencia transcriptor DOA
035 ## - NÚMERO DE CONTROL DEL SISTEMA
Número de control de sistema (OCoLC)13751856
041 1# - CÓDIGO DE IDIOMA
Código de lengua del texto/banda sonora o título independiente spa
Código de lengua original eng
050 14 - SIGNATURA TOPOGRÁFICA DE LA BIBLIOTECA DEL CONGRESO
Número de clasificación JZ 1308
Número de ítem D486p 1984
082 00 - NÚMERO DE LA CLASIFICACIÓN DECIMAL DEWEY
Número de clasificación 327
100 1# - ENTRADA PRINCIPAL--NOMBRE DE PERSONA
Nombre de persona Deutsch, Karl W.
Forma completa/desarrollada del nombre (Karl Wolfgang),
Fechas asociadas al nombre 1912-1992.
245 10 - MENCIÓN DEL TÍTULO
Título Problemas para el modelo del mundo /
Mención de responsabilidad, etc. [editado por] Karl W. Deutsch ; [traducción del inglés, Armando Tornell]
250 ## - MENCION DE EDICION
Mención de edición 1a ed. en español.
260 ## - PUBLICACIÓN, DISTRIBUCIÓN, ETC.
Lugar de publicación, distribución, etc. México :
Nombre del editor, distribuidor, etc. Ediciones Gernika,
Fecha de publicación, distribución, etc. c1984.
300 ## - DESCRIPCIÓN FÍSICA
Extensión 461 p. :
Otras características físicas ill. ;
Dimensiones 21 cm.
500 ## - NOTA GENERAL
Nota general Título original. Problems of world modelling.
504 ## - NOTA DE BIBLIOGRAFÍA, ETC.
Nota de bibliografía, etc. Includes bibliographies.
650 #0 - PUNTO DE ACCESO ADICIONAL DE MATERIA--TÉRMINO DE MATERIA
Término de materia o nombre geográfico como elemento de entrada International relations
650 #0 - PUNTO DE ACCESO ADICIONAL DE MATERIA--TÉRMINO DE MATERIA
Término de materia o nombre geográfico como elemento de entrada International relations
Subdivisión general Mathematical models.
650 #0 - PUNTO DE ACCESO ADICIONAL DE MATERIA--TÉRMINO DE MATERIA
Término de materia o nombre geográfico como elemento de entrada International economic relations
Subdivisión general Mathematical models.
650 #4 - PUNTO DE ACCESO ADICIONAL DE MATERIA--TÉRMINO DE MATERIA
Término de materia o nombre geográfico como elemento de entrada Relaciones internacionales.
710 2# - ENTRADA AGREGADA--NOMBRE DE ENTIDAD CORPORATIVA
Nombre de entidad corporativa o nombre de jurisdicción como elemento de entrada International Political Science Association.
Unidad subordinada Research Committee on Quantitative and Mathematical Approaches to Politics.
942 ## - ELEMENTOS DE ENTRADA SECUNDARIOS (KOHA)
Fuente del sistema de clasificación o colocación Clasificación de Library of Congress
Tipo de ítem Koha
946 ## - PROCESAMIENTO DE INFORMACIÓN LOCAL (OCLC)
a joacosta
994 ## -
-- C0
-- DRFGD
Holdings
Estatus retirado Estado de pérdida Fuente del sistema de clasificación o colocación Estado de daño No para préstamo Colección Biblioteca de origen Biblioteca actual Ubicación en estantería Fecha de adquisición Serial enumeration / chronology Signatura topográfica completa Código de barras Visto por última vez Copia número Tipo de ítem Koha
    Clasificación de Library of Congress     Ciencias Sociales Biblioteca Juan Bosch Biblioteca Juan Bosch Ciencias Sociales (3er. Piso) 10/04/2023 1 JZ 1308 D486p 1984 00000045988 24/10/2018 1